| 000 | 00454nam a2200157Ia 4500 | ||
|---|---|---|---|
| 003 | GCL | ||
| 008 | 140319s9999 xx 000 0 ara d | ||
| 040 |
_aGCL / _cGCL |
||
| 082 | 0 | 4 |
_a810.901 _bى ل |
| 100 | 1 | _aيوسف الشارونى | |
| 245 | 1 | 0 |
_aاللامعقول فى الادب المعاصر / _cيوسف الشارونى |
| 300 | _a95 ص | ||
| 490 |
_aالمكتبة الثقافية _v0 |
||
| 650 | 0 | 4 | _aالادب - نقد |
| 942 |
_2ddc _cBK |
||
| 999 |
_c48502 _d48502 |
||